000 00621nam a22002417a 4500
003 UA-OsUOA
001 21965
007 ta
008 20031215b un ||||| |||| 00| 0 ukr d
100 _aАльберт Ю.В.
090 _a011(035)
_bА56
942 _cBK
040 _aUA-OsUOA
_brus
_cUA-OsUOA
_dUA-OsUOA
245 _aБиблиографическая ссылка
_bСправочник
_cРед. И.Я.Госин
300 _a248 с.
955 _a0
041 _arus
080 _a011(035)
260 _aКиев
_bНаукова думка
_c1983
044 _aRU
650 7 _2UDC
999 _c308175
_d308175